000 00654nam a22002417a 4500
001 92069
003 UA-OsUOA
005 20201118223128.0
007 ta
008 20121210b un ||||| |||| 00| 0 ukr d
040 _aUA-OsUOA
_bukr
_cUA-OsUOA
_dUA-OsUOA
041 _aukr
080 _a821.161.2
090 _a821.161.2
_bЯ60
100 _aЯневський С.
245 _aЯсени
_bроман
260 _aК.
_c1982
300 _a192 с.
650 7 _a82 Література. Літературознавство
_2UDC
942 _cBK
_2udc
955 _a3
999 _c378317
_d378317